ბათუმის შოთა რუსთაველის სახელმწიფო უნივერსიტეტის ბიბლიოთეკა

ლიტერატურული ნარკვევები / (ბიბ.ჩანაწერი № 55040)

000 -ლიდერი
ფიქსირებული სიგრძის საკონტროლო ველი 02341nam a2200361Ia 4500
001 - საკონტროლო ნომერი
საკონტროლო ველი 22115
003 - საკონტროლო ნომრის იდენტიფიკატორი
საკონტროლო ველი GE_BSU
005 - ბოლო ოპერაციის თარიღი და დრო
საკონტროლო ველი 20221031120705.0
008 - ფიქსირებული სიგრძის მონაცემთა ელემენტები - ზოგადი ინფორმაცია
ფიქსირებული სიგრძის საკონტროლო ველი 181216s||||||||xx |||||||||||||| ||und||
020 ## - წიგნის საერთაშორისო სტანდარტული ნომერი
International Standard Book Number 9789941130922
040 ## - კატალოგიზაციის წყარო
Transcribing agency GE_BSU
041 ## - ენის კოდი
Language code of text/sound track or separate title geo
080 ## - უნივერსალური ათობითი კლასიფიკაციის ინდექსი
Universal Decimal Classification number 821.353.1.092 მ-69
100 ## - მთავარი ჩანაწერი - პიროვნების სახელი
Personal name მინაშვილი, ლადო
9 (RLIN) 1253
245 ## - ცნობა სათაურის შესახებ
Title ლიტერატურული ნარკვევები /
Statement of responsibility, etc ლადო მინაშვილი ; რედ. ხათუნა მემანიშვილი.
264 ## - წარმოების, გამოცემის, დისტრიბუციის და სხვა ცნობები
გამოცემის, წარმოების, დისტრიბუციის... ადგილი თბილისი :
გამოცემის, წარმოების, დისტრიბუციის... სახელწოდება თბილ. უნ-ტის გამ-ბა,
გამოცემის, წარმოების, დისტრიბუციის... თარიღი 2009.
300 ## - ფიზიკური აღწერა
Extent 252 გვ. ;
Dimensions 20 სმ.
501 ## - შენიშვნა თანმხლებ მასალაზე
With note პირთა საძ. გვ. : 245-250
504 ## - BIBLIOGRAPHY, ETC. NOTE
Bibliography, etc ბიბლიოგრ. ტექსტ. შენიშვნ. და გვ. : 238-244
653 ## - INDEX TERM--UNCONTROLLED
Uncontrolled term ილია ჭავჭავაძის ლირიკის პათოსი
653 ## - INDEX TERM--UNCONTROLLED
Uncontrolled term ილია ჭავჭავაძე და "ვეფხისტყაოსანი"
653 ## - INDEX TERM--UNCONTROLLED
Uncontrolled term გრიგოლ ორბელიანთან ილია ჭავჭავაძის მიმართებისათვის
653 ## - INDEX TERM--UNCONTROLLED
Uncontrolled term აკაკი წერეთლის "პატარა კახის" შემოქმედებითი ისტორიისათვის
653 ## - INDEX TERM--UNCONTROLLED
Uncontrolled term მეცხრამეტე საუკუნის ქართული მწერლობა გალაკტიონ ტაბიძის თვალთახედვით
653 ## - INDEX TERM--UNCONTROLLED
Uncontrolled term სახელოვანი პოეტი ახალი და უახლესი ქართული ლიტერატერატურის ისტორიკოსის ამპლუაში
653 ## - INDEX TERM--UNCONTROLLED
Uncontrolled term ლიტერატურული ნარკვევები
653 ## - INDEX TERM--UNCONTROLLED
Uncontrolled term ქართველი მწერლები
653 ## - INDEX TERM--UNCONTROLLED
Uncontrolled term ქართული ლიტერატურის ისტორია და კრიტიკა
653 ## - INDEX TERM--UNCONTROLLED
Uncontrolled term ქართული ლიტერატურა
700 ## - ADDED ENTRY--PERSONAL NAME
Personal name მემანიშვილი, ხათუნა
Relator term რედაქტორი
9 (RLIN) 15668
942 ## - ADDED ENTRY ELEMENTS (KOHA)
Koha item type წიგნი
Source of classification or shelving scheme
ეგზემპლარები
ჩამოწერის სტატუსი დაკარგული ეგზემპლარის სტატუსი კლასიფიკაციის წყარო ან თაროზე გაწყობის სქემა დაზიანების სტატუსი არ გაიცემა მუდმივი მდებარეობა (დაცვის ადგილი) ამჟამინდელი ადგილსამყოფელი თაროზე განთავსების ადგილი შეძენის თარიღი ღირებულება, შესყიდვის ნორმალური ფასი სრული შენახვის შიფრი შტრიხკოდი ბოლო ოპერაციის თარიღი ეგზემპლარის მიმდევრობითი ნომერი (კეტერი?) ფასის ძალაში შესვლის თარიღი ეგზემპლარის სახეობა საჯარო შენიშვნა
          ბათუმის შოთა რუსთაველის სახელმწიფო უნივერსიტეტის მთავარი ბიბლიოთეკა ბათუმის შოთა რუსთაველის სახელმწიფო უნივერსიტეტის მთავარი ბიბლიოთეკა წიგნსაცავი 2018-12-17 7.00 821.353.1.092 მ-69 57048 2018-12-17 57048 2018-12-17 წიგნი 7.00 ₾.
          ბათუმის შოთა რუსთაველის სახელმწიფო უნივერსიტეტის მთავარი ბიბლიოთეკა ბათუმის შოთა რუსთაველის სახელმწიფო უნივერსიტეტის მთავარი ბიბლიოთეკა   2018-12-17 9.00 821.353.1.092 მ-69 57283 2018-12-17 57283 2018-12-17 წიგნი 9.00 ₾.
          ბათუმის შოთა რუსთაველის სახელმწიფო უნივერსიტეტის მთავარი ბიბლიოთეკა ბათუმის შოთა რუსთაველის სახელმწიფო უნივერსიტეტის მთავარი ბიბლიოთეკა წიგნსაცავი 2018-12-17 9.00 821.353.1.092 მ-69 57284 2018-12-17 57284 2018-12-17 წიგნი 9.00 ₾.